000
00300 a2200157 4500
001
162694
020
_a
040
_c
Magnum
100
_a
Galdino, Luiz
240
1
0
_a
Pega ladrão
_l
por
245
1
0
_a
Pega ladrão
362
0
_a
1899
440
1
_a
Ática
697
_a
J/SUSPENSE
942
_c
BK
999
_c
162694
_d
162694